|
|
|
|
| LEADER |
00000nam0a2200000 4500 |
| 001 |
142230 |
| 005 |
20231031142659.0 |
| 020 |
|
|
|a RU
|b 90-62197
|
| 035 |
|
|
|a (RuTPU)RU\TPU\book\154137
|
| 090 |
|
|
|a 142230
|
| 100 |
|
|
|a 20080903d1990 km y0rusy5003 ca
|
| 101 |
0 |
|
|a rus
|
| 102 |
|
|
|a RU
|
| 105 |
|
|
|a a z 001zy
|
| 200 |
1 |
|
|a Конодонты эйфельского яруса СССР
|f под ред. В. Г. Халымбаджа
|
| 210 |
|
|
|a Казань
|c Изд-во Казан. ун-та
|d 1990
|
| 215 |
|
|
|a 85,[2] с., [8] л. ил.
|c ил.
|
| 300 |
|
|
|a Авт. указаны в огл.
|
| 320 |
|
|
|a Библиогр.: с. 72-75.
|
| 610 |
1 |
|
|a конодонты
|
| 610 |
1 |
|
|a Девонские отложения
|
| 610 |
1 |
|
|a девон
|
| 610 |
1 |
|
|a стратиграфия
|
| 610 |
1 |
|
|a эйфельский ярус
|
| 675 |
|
|
|a 564
|z rus
|
| 702 |
|
1 |
|a Халымбаджа
|b В. Г.
|4 340
|
| 801 |
|
0 |
|a RU
|b RuMRKP
|c 19950417
|g psbo
|
| 801 |
|
1 |
|a RU
|b 63413507
|c 20080903
|g PSBO
|
| 801 |
|
2 |
|a RU
|b 63413507
|c 20081017
|g PSBO
|
| 942 |
|
|
|c BK
|